|
|
|
|
| LEADER |
00000nam a2200000 i 4500 |
| 001 |
115610 |
| 003 |
CZ ZlUTB |
| 005 |
20260506092522.0 |
| 007 |
ta |
| 008 |
260316s2026 xr e 001 0 cze |
| 015 |
|
|
|a cnb003745796
|
| 020 |
|
|
|a 978-80-7380-434-3
|q (brožováno)
|
| 040 |
|
|
|a ABA001
|b cze
|e rda
|
| 041 |
0 |
|
|a cze
|b eng
|
| 072 |
|
7 |
|a 321
|x Politologie
|2 Konspekt
|9 15
|
| 080 |
|
|
|a 321.01
|2 MRF
|
| 080 |
|
|
|a 321.01(091)
|2 MRF
|
| 080 |
|
|
|a 321
|2 MRF
|
| 080 |
|
|
|a (048.8)
|2 MRF
|
| 100 |
1 |
|
|a Valeš, Lukáš,
|d 1976-
|7 mzk2005266344
|4 aut
|
| 245 |
1 |
0 |
|a Dějiny politického myšlení :
|b stát a politika od starověku po současnost /
|c Lukáš Valeš, Jan Květina, Marián Sekerák
|
| 264 |
|
1 |
|a Plzeň :
|b Vydavatelství a nakladatelství Aleš Čeněk, s.r.o.,
|c 2026
|
| 300 |
|
|
|a 640 stran ;
|c 23 cm
|
| 336 |
|
|
|a text
|b txt
|2 rdacontent
|
| 337 |
|
|
|a bez média
|b n
|2 rdamedia
|
| 338 |
|
|
|a svazek
|b nc
|2 rdacarrier
|
| 504 |
|
|
|a Obsahuje bibliografii, bibliografické odkazy a rejstřík
|
| 546 |
|
|
|a Anglické resumé
|
| 650 |
0 |
7 |
|a politické myšlení
|7 ph1221416
|2 czenas
|
| 650 |
0 |
7 |
|a dějiny politických teorií
|7 ph507314
|2 czenas
|
| 650 |
0 |
7 |
|a politologie
|7 ph115796
|x dějiny
|2 czenas
|
| 650 |
0 |
9 |
|a political thought
|2 eczenas
|
| 650 |
0 |
9 |
|a history of political theories
|2 eczenas
|
| 650 |
0 |
9 |
|a political science
|x dějiny
|2 eczenas
|
| 655 |
|
7 |
|a monografie
|7 fd132842
|2 czenas
|
| 655 |
|
9 |
|a monographs
|2 eczenas
|
| 700 |
1 |
|
|a Květina, Jan,
|d 1986-
|7 jx20110923005
|4 aut
|
| 700 |
1 |
|
|a Sekerák, Marián,
|d 1989-
|7 osd2013775762
|4 aut
|
| 710 |
2 |
|
|a Vydavatelství a nakladatelství Aleš Čeněk
|7 kn20081113024
|4 pbl
|
| 910 |
|
|
|a ZLD002
|
| 928 |
9 |
|
|a Aleš Čeněk
|
| 942 |
|
|
|2 udc
|
| 952 |
|
|
|0 0
|1 0
|4 0
|6 32VALEŠL
|7 -1
|8 BOOK
|9 191039
|a UTBZL
|b UTBZL
|c 005
|d 2026-05-06
|l 0
|o 32/VALEŠ,L.
|p 420010202085
|r 2026-05-06 09:26:18
|v 790.00
|w 2026-05-06
|x N:nákup
|y 01
|
| 992 |
|
|
|a BK
|b SKNEW
|
| 999 |
|
|
|c 115610
|d 115610
|